000 00767nam a22002537a 4500
003 OSt
005 20140310182336.0
008 130925t xxu||||| |||| 00| 0 eng d
020 _a9781405844116
050 _aQA 11.154
_b.St896c 2008
100 _aStraker, Anita.
_921533
245 _aExploring maths 3 :
_bclass book /
_cAnita Straker.
260 _aGreat Britain, Scotprint :
_bPearson Longman,
_cc2008.
300 _aiv. 327 p. :
_bill. col. ;
_c27 cm.
500 _aIncludes Index
651 _aFractions
_xMathemtics
_921581
651 _aIntegers
_xmathematics
_921582
651 _aFactoring
_xmathematics
_921583
651 _aEquations
_xmathematics
_921584
942 _2lcc
_cBK-TR
999 _c12062
_d12062